Le Tour de France en images - Statistiques

Statistiques générales
  • Ce quiz a été pris 7 599 fois
  • Le résultat moyen est 12 sur 18
Statistiques - réponses
Par images Hint Réponse % Correct
Récompense Maillot jaune
98%
Sponsor E. Leclerc
97%
Équipement obligatoire Casque
96%
Avenue Avenue des Champs-Élysées
89%
Sponsor Skoda
86%
Type d'étape Contre la montre
84%
Récompense Maillot à pois
80%
Champion Tadej Pogačar
74%
Ascension mythique Mont Ventoux
72%
Convoi de véhicules Caravane publicitaire
71%
Dernier du Tour de France (terme technique) Lanterne rouge
59%
Banderole Flamme rouge
58%
Champion Eddy Merckx
56%
Champion Bernard Hinault
53%
Commentateur Alexandre Pasteur
27%
Ville récurrente Pau
25%
Film Le Vélo de Ghislain Lambert
16%
Métier Ardoisier
15%
Aucun quiz correspondant
Distribution des résultats
% des personnes avec chaque résultat
Percentile par nombre de réponses
Votre historique - résultats
Vous n’avez pas pris ce quiz